Datum a čas kvízu
37.5
Celkem bodů
Celkový počet nahraných bodů na tomto kvízu bez doplňovacích otázek.
7.
Pořadí na kvízu
Konečné umístění týmu na tomto kvízu.
Zaznamenané odpovědi
| # | Otázka | Odpověď | Body | Výsledky |
|---|---|---|---|---|
| 1. | V minulých dnech bylo v médiíc... | Pavel Tuleja | 1 | |
| 2. | Ke dvěma a půl letům vězení by... | D | 1 | |
| 3. | Pod kterým pseudonymem působí... | Nemo | 1 | |
| 4. | Někteří obyvatelé Německa, pře... | kebab | 1 | |
| 5. | Basketbalová NBA zná svého nej... | Nikola Jokić | 0 | |
| 6. | Podíváme se do zemí či krajů,... | Genovia, Anne Hathaway | 1 | |
| 7. | Ve filmu Tři veteráni ztvárnil... | B | 0 | |
| 8. | Brobdingnag, Laputa, Balnibarb... | Gulliverovy cesty, Jonathan Swift | 0.5 | |
| 9. | Přiřaďte tyto postavy z knižní... | 1D 2C 3B 4A | 1 | |
| 10. | Děj které humoristické novely... | Rozmarné léto | 1 |